000 00331 a2200157 4500
001 187513
020 _a85-262-3471-4
040 _cMagnum
100 _aAndrade, Telma GuimarĂ£es Castro
240 1 0 _aRobin hood
_lpor
245 1 0 _aRobin hood
300 _a47
362 0 _a2004
697 _aLITERATURA INFANTO
942 _cBK
999 _c187513
_d187513